000 00537nam a2200205Ia 4500
005 20250326142213.0
008 250326s9999 xx 000 0 und d
020 _a07494-3424-4
037 _aTextbook
040 _aFMSL
_beng
_cFMSL
041 _aeng
_2eng
084 _aX:8N P1
_qFMSL
100 _aBeard M
_9741420
245 0 _aRunning a public relations department
_cBeard M
250 _a2
260 _aLondon
_bLondon, Kogan Page
_c2001
300 _a160p
942 _cTB
_hX:8N P1
999 _c1293918
_d1293918